01380 2200349 4500001002100000005001500021035002000036007000300056008004100059040002200100082001800122084002000140090002200160245028800182300006100470650002300531700002800554700002800582700003600610850001200646041001300658651002900671264006900700336002100769337003000790338002300820999002200843500005800865100002800923710005700951990002201008INLIS00000000086393220210823095311 a0010-0821000631ta190627s2019 yoia g l ind d aYOPDYOGbinderda04223a315.98273 a315.98273 REN p aCB-D.11 2019-419810aProduk domestik regional bruto Kabupaten Gunungkidul menurut lapangan usaha 2014-2018=gross regional domestic product of Gunungkidul Regency by industry 2014-2018 /cpenulis, Rendy Yudianto, Andi Wicaksono, Badan Pusat Statistik Kabupaten Gunungkidul; penyunting, Amir Misbahul Munir axviii, 123 halaman :bilustrasi berwarna, tabel ;c30 cm 4aProduksi (Ekonomi)0 aRendy Yudiantoepenulis0 aAndi Wicaksonoepenulis0 aAmir Misbahul Munirepenyunting aYOPDYOG0 aindgeng 4aGunungkidul--xStatistik31aYogyakarta :bBadan Pusat Statistik Kabupaten Gunungkidul,c2019 2rdacontentateks 2rdamediaatanpa perantara 2rdacarrieravolume aCB-D.11/2019-4198 aTeks terdiri dari Bahasa Indonesia dan Bahasa Inggris aRendy Yudiantoepenulis2 aBadan Pusat Statistik Kabupaten Gunungkidulepenulis aCB-D.11/2019-4198